Drama and theatre in education / (Record no. 77598)
[ view plain ]
| 000 -LEADER | |
|---|---|
| fixed length control field | 01215cam a2200301 4500 |
| 001 - CONTROL NUMBER | |
| control field | 77598 |
| 003 - CONTROL NUMBER IDENTIFIER | |
| rucl marc code | BD-RjUL |
| 005 - DATE AND TIME OF LATEST TRANSACTION | |
| control field | 20211209083011.0 |
| 008 - FIXED-LENGTH DATA ELEMENTS--GENERAL INFORMATION | |
| fixed length control field | 201204s1971 enk 100 0 eng |
| 035 ## - SYSTEM CONTROL NUMBER | |
| System control number | (BD-RjUL)77824 |
| 040 ## - CATALOGING SOURCE | |
| Original cataloging agency | DLC |
| Transcribing agency | DLC |
| Modifying agency | BD-RjUL |
| Language of cataloging | eng |
| 041 ## - LANGUAGE CODE | |
| Language code of text/sound track or separate title | eng |
| 082 00 - DEWEY DECIMAL CLASSIFICATION NUMBER | |
| Classification number | 792.071042 |
| Edition number | 23 |
| Author mark and year | DRA 1971 |
| 245 00 - TITLE STATEMENT | |
| Title | Drama and theatre in education / |
| Statement of responsibility, etc. | edited by Nigel Dodd and Winifred Hickson. |
| 260 ## - PUBLICATION, DISTRIBUTION, ETC. (IMPRINT) | |
| Place of publication, distribution, etc. | London: |
| Name of publisher, distributor, etc. | Heinemann, |
| Date of publication, distribution, etc. | 1971. |
| 300 ## - PHYSICAL DESCRIPTION | |
| Pagination | vii, 176 p. ; |
| Size | 23 cm. |
| 350 ## - PRICE (NR) (BK AM CF MU VM SE) [OBSOLETE] | |
| Price | £1.50 |
| 500 ## - GENERAL NOTE | |
| General note | " ... [proceedings of] a conference on drama and theatre in education, held at Clifton College, Bristol, March 31st to April 3rd 1969, sponsored by the Bristol Education Authority, the Bristol Old Vic Theatre Company, and Clifton College." |
| 650 #0 - SUBJECT ADDED ENTRY--TOPICAL TERM | |
| Topical term or geographic name as entry element | Drama in education |
| General subdivision | Congresses. |
| 9 (RLIN) | 242303 |
| 700 1# - ADDED ENTRY--PERSONAL NAME | |
| Personal name | Dodd, Nigel, |
| Relator term | ed. |
| Personal name | Hickson, Winifred, |
| Relator term | ed. |
| 710 1# - ADDED ENTRY--CORPORATE NAME | |
| Corporate name or jurisdiction name as entry element | Bristol (England). |
| Subordinate unit | Education Authority. |
| 9 (RLIN) | 242306 |
| Corporate name or jurisdiction name as entry element | Bristol Old Vic Theatre Company (Bristol, England) |
| 9 (RLIN) | 242307 |
| Corporate name or jurisdiction name as entry element | Clifton College (Bristol, England) |
| 9 (RLIN) | 242308 |
| 906 ## - LOCAL DATA ELEMENT F, LDF (RLIN) | |
| a | 7 |
| b | cbc |
| c | orignew |
| d | 3 |
| e | ncip |
| f | 19 |
| g | y-gencatlg |
| 942 ## - ADDED ENTRY ELEMENTS (KOHA) | |
| Source of classification or shelving scheme | Dewey Decimal Classification |
| Koha item type | Books |
| Lost status | Source of classification or shelving scheme | Damaged status | Not for loan | Collection code | Permanent Location | Current Location | Shelving location | Date acquired | Source of acquisition | Cost, normal purchase price | Total Checkouts | Full call number | Date last seen | Copy number | Koha item type |
|---|---|---|---|---|---|---|---|---|---|---|---|---|---|---|---|
| Dewey Decimal Classification | Not For Loan | Non-fiction | Central Library, University of Rajshahi | Central Library, University of Rajshahi | Reading Room | 11/05/1974 | oxford university | 33.00 | 792.071042 DRA 1971 | 06/12/2020 | C-1 | Books |